00699nam a2200229 a 4500001001300000003000900013005001700022008004100039020001000080082001600090245004700106260005000153300000800203500003500211505002400246650002300270710002900293902000800322942000700330952011700337999001500454nice12345678IN_TiNIC20260116012521.0050524s1983 seca grp 000 0 eng  ac10000a299.93bMRS aMaitreya Is Well and Alive on Planet Earth aSecunderabadbMaranatha Revival Crusadec1983 a41p aincludes index and biblioraphy2 aBibliography, Index aCults-Christianity2 aMarnatha Revival Crusade bSRS cBK 001040708StackRoom-aHMIbHMId2007-07-02g100.00l0o299.93 MRSp011445r2007-07-02v100.00w2005-05-24yBK c7319d7319